书目信息 |
| 题名: |
名家情书钢笔字帖(第二版)
|
|
| 作者: | 司马彦 书 | |
| 分册: | ||
| 出版信息: | 广州 华南理工大学出版社 2000.02 |
|
| 页数: | 184页 | |
| 开本: | 32开 | |
| 丛书名: | ||
| 单 册: | ||
| 中图分类: | J292.12 | |
| 科图分类: | ||
| 主题词: | 书法--中国 , 篆刻--中国 | |
| 电子资源: | ||
| ISBN: | 7-5623-0833-0 | |
| 000 | 00603nam0 2200205 45 | |
| 001 | 0012061151 | |
| 005 | 20001206110652.3 | |
| 010 | @a7-5623-0833-0@d8.80元 | |
| 100 | @a20001206d2000 km y0chiy0120 ea | |
| 101 | 0 | @achi |
| 105 | @a z 000yy | |
| 200 | 1 | @a名家情书钢笔字帖(第二版)@AMing Jia Qing Shu Gang Bi Zi Tie(Di Er Ban)@f司马彦书@FSi Ma Yan Shu |
| 210 | @a广州@c华南理工大学出版社@d2000.02 | |
| 215 | @a184页@d32开 | |
| 606 | 0 | @a书法@x中国 |
| 606 | 0 | @a篆刻@x中国 |
| 690 | @aJ292.12@v3 | |
| 701 | 0 | @a司马彦@4书 |
| 801 | @aCN@bPftUser@c20001206 | |
| 905 | @b514698-702@dJ292.12@eS918=2/1@f5 | |
| 名家情书钢笔字帖(第二版)/司马彦书.-广州:华南理工大学出版社,2000.02 |
| 184页;32开 |
| ISBN 7-5623-0833-0:8.80元 |
| ● |
| 相关链接 |
|
|
|
正题名:名家情书钢笔字帖(第二版)
索取号:J292.12/S918=2/1
 
预约/预借
| 序号 | 登录号 | 条形码 | 馆藏地/架位号 | 状态 | 备注 |
| 1 | 514698 | 205146983 | 社科库309/ [索取号:J292.12/S918=2/1] | 在馆 | |
| 2 | 514699 | 205146992 | 社科库309/ [索取号:J292.12/S918=2/1] | 在馆 | |
| 3 | 514700 | 205147009 | 社科库309/309社科库 79排4列6层/ [索取号:J292.12/S918=2/1] | 在馆 | |
| 4 | 514701 | 205147018 | 社科库309/ [索取号:J292.12/S918=2/1] | 在馆 | |
| 5 | 514702 | 205147027 | 社科库309/422社科库 26排3列4层/ [索取号:J292.12/S918=2/1] | 在馆 |